Principles of economics

Bibliographic Details
Main Author: Nellis, J.G, Parker, David
Format: Book
Published: New York : Financial times , 2002
Subjects:

MARC

LEADER 00000cam a2200000 7i4500
001 0000011963
005 20030827.0
020 |a 0273646095 
040 |a INS 
090 0 0 |a HD30.22.   |b N453 2002 
100 1 |a Nellis, J.G, Parker, David 
245 1 0 |a Principles of economics 
260 |a New York :   |b Financial times ,   |c 2002 
300 |a xviii :   |b 395p ;   |c 24cm. 
650 0 0 |a Managerial economics 
999 |a 0000012917   |b BOOK   |c Open Shelf   |e Default branch